[Event "Beginners Luck"]
[Site "http://www.queenalice.com/game.php?id=1153940"]
[Date "2013.2.20"]
[Round "-"]
[White "nbauer"]
[Black "Enophile78"]
[Result "0-1"]
[WhiteElo "1083"]
[BlackElo "1377"]

1. e4 Nc6 2. Nf3 Nf6 3. g3 Nxe4 4. Nc3 Nc5 5. Bh3 e6 6. O-O a5 7. Re1 f5 8. d4
Qf6 9. Nb5 Na6 10. Bg5 Qg6 11. d5 Na7 12. Nbd4 Bb4 13. Bf1 O-O 14. c3 Bc5 15.
Qb3 b6 16. h4 Bb7 17. Ne5 Qe8 18. Bc4 h6 19. Bf4 Rf6 20. Rad1 Bf8 21. Re3 Nc5
22. Qa3 exd5 23. Bxd5+ Bxd5 24. g4 Ne4 25. Qa4 Nc5 26. Qb4 axb4 27. cxb4 fxg4
28. Ne2 c6 29. bxc5 Bxc5 30. Rg3 Rxf4 31. Nxf4 Qxe5 32. Ng6 Qxb2 33. Rxg4 Qxf2#
0-1

[Event "I Still Suck"]
[Site "http://www.queenalice.com/game.php?id=1161516"]
[Date "2013.3.16"]
[Round "-"]
[White "nbauer"]
[Black "Enophile78"]
[Result "0-1"]
[WhiteElo "1100"]
[BlackElo "1446"]

1. e4 e5 2. Nf3 d6 3. d3 c5 4. c4 Bd7 5. Nc3 Nf6 6. g3 Qa5 7. Be3 Ba4 8. Qxa4+
Qxa4 9. Nxa4 Nbd7 10. Bh3 h6 11. Rb1 Nb6 12. Nc3 Rd8 13. Nb5 a6 14. Nc7+ Ke7 15.
b4 g5 16. bxc5 g4 17. Rxb6 gxh3 18. Rxb7 Bg7 19. Nxa6+ Kf8 20. cxd6 Rxd6 21. Nb8
Ng4 22. Nd7+ Kg8 23. Bc5 Rxd3 24. Ke2 Rc3 25. Rb8+ Kh7 26. Rb6 Rc2+ 27. Nd2 Rxa2
28. Be3 Rd8 29. Kf3 Nxe3 30. Rd6 Ng2 31. Rb1 Ra3+ 32. Nb3 Ne1+ 33. Kg4 Nc2 34.
Rb2 Nb4 35. Kxh3 Ra7 36. Nbc5 Na6 37. Rb5 Nxc5 38. Rxc5 Raxd7 39. Rb6 Rd6 40.
Rcc6 Rxc6 41. Rxc6 Rd4 42. f3 f6 43. c5 Kg6 44. g4 Kg5 45. Rc7 Bf8 46. c6 Kf4
47. Rc8 Bc5 48. c7 Kxf3 49. Rd8 Rxe4 50. c8=Q Be3 51. Rf8 Bg5 52. Qf5+ Ke3 53.
Rxf6 Kd4 54. Rd6+ Ke3 55. Rg6 Bf4 56. Qh5 Ke2 57. Rxh6 Re3+ 58. Kh4 Bxh6 59.
Qxh6 e4 60. g5 Kf2 61. Qf6+ Rf3 62. Qe5 e3 63. h3 e2 64. Qc5+ Kf1 65. Qf5 Rf2
66. g6 Rxf5 67. g7 e1=Q+ 68. Kg4 Qe4+ 69. Kg3 Rg5+ 70. Kh2 Qg2# 0-1

[Event "I Still Suck #2"]
[Site "http://www.queenalice.com/game.php?id=1161517"]
[Date "2013.3.16"]
[Round "-"]
[White "Enophile78"]
[Black "nbauer"]
[Result "1-0"]
[WhiteElo "1404"]
[BlackElo "1108"]

1. d4 d5 2. Nc3 Nc6 3. Nf3 Nf6 4. e3 b6 5. Qd3 Nb4 6. Qd2 Bf5 7. Bd3 g6 8. a3
Ne4 9. Nxe4 dxe4 10. Bb5+ c6 11. Qxb4 exf3 12. Bxc6+ Bd7 13. Bxf3 e6 14. Qc3 Rc8
15. Qd3 b5 16. b4 f5 17. g4 Qg5 18. d5 fxg4 19. dxe6 gxf3 20. Qxd7# 1-0

[Event "I Still Suck #3"]
[Site "http://www.queenalice.com/game.php?id=1161518"]
[Date "2013.3.16"]
[Round "-"]
[White "Enophile78"]
[Black "nbauer"]
[Result "1-0"]
[WhiteElo "1424"]
[BlackElo "1103"]

1. c4 e5 2. Qa4 Nf6 3. f3 c6 4. Nc3 a6 5. e3 b5 6. cxb5 Nd5 7. Nxd5 cxd5 8. h4
Qb6 9. d4 f6 10. dxe5 fxe5 11. Bd3 a5 12. h5 d6 13. e4 Nd7 14. Qc2 dxe4 15. Bxe4
d5 16. Bxd5 Bb4+ 17. Bd2 Bb7 18. Qe4 Rb8 19. Bxb4 axb4 20. Rd1 Qxb5 21. Ne2 Nc5
22. Qxe5+ Kf8 23. Qxb8+ Qe8 24. Qf4+ Ke7 25. Qc7+ Qd7 26. Qxc5+ Kf6 27. Bxb7
Qxb7 28. Rd6+ Kf7 29. Rh4 Re8 30. Qf5+ Kg8 31. Re4 Qf7 32. Rxe8+ Qxe8 33. Qd5+
Kf8 34. Rd8 1-0

[Event "I Still Suck #4"]
[Site "http://www.queenalice.com/game.php?id=1162761"]
[Date "2013.3.19"]
[Round "-"]
[White "nbauer"]
[Black "Enophile78"]
[Result "0-1"]
[WhiteElo "1100"]
[BlackElo "1453"]

1. e4 e5 2. Nc3 Nc6 3. d3 Nf6 4. Nf3 d6 5. b3 h6 6. Be3 b6 7. Na4 b5 8. Nc3 a6
9. h3 g5 10. g4 Nb4 11. Rg1 c5 12. a3 Nxc2+ 13. Qxc2 Qa5 14. Rb1 Qxa3 15. Qb2
Qb4 16. h4 Bxg4 17. Rg3 Rg8 18. d4 cxd4 19. Ra1 Nxe4 20. Bxb5+ Ke7 21. Bc6 Rc8
22. Bb5 Nxg3 23. fxg3 dxe3 24. Rxa6 Bxf3 25. Ra4 Qc5 26. Ra7+ Qxa7 0-1

[Event "I Still Suck #5"]
[Site "http://www.queenalice.com/game.php?id=1162762"]
[Date "2013.3.19"]
[Round "-"]
[White "Enophile78"]
[Black "nbauer"]
[Result "1-0"]
[WhiteElo "1438"]
[BlackElo "1100"]

1. d4 d5 2. Nc3 Nc6 3. e3 e6 4. f4 Nf6 5. g3 a6 6. h4 g6 7. a3 b5 8. b4 Qd6 9.
Rb1 h5 10. Nf3 Bh6 11. Ne5 g5 12. hxg5 Bxg5 13. fxg5 Ng4 14. Rxh5 Rxh5 15. Qxg4
Rh1 16. g6 f5 17. Qg5 Nxe5 18. dxe5 Qxe5 19. Bd2 1-0

[Event "Keep on, Keeping on 1"]
[Site "http://www.queenalice.com/game.php?id=1162791"]
[Date "2013.3.20"]
[Round "-"]
[White "nbauer"]
[Black "Enophile78"]
[Result "0-1"]
[WhiteElo "1100"]
[BlackElo "1458"]

1. e4 e5 2. Nf3 Nc6 3. d3 d5 4. Nc3 Nf6 5. Bg5 h6 6. Bh4 g5 7. Bg3 Nh5 8. h4
Nxg3 9. fxg3 f6 10. h5 Bg4 11. exd5 Nd4 12. a4 c5 13. Nb5 a6 14. Nc3 Qa5 15. Qd2
Nf5 16. Qf2 Rd8 17. d4 cxd4 18. b4 Qxb4 19. Bb5+ axb5 20. Qd2 dxc3 21. Qe2 Nxg3
22. Qxb5+ Qxb5 23. axb5 Nxh1 24. Nh2 Bf5 25. Ra3 Bxa3 0-1

[Event "Keep on, Keeping on 2"]
[Site "http://www.queenalice.com/game.php?id=1162792"]
[Date "2013.3.20"]
[Round "-"]
[White "nbauer"]
[Black "Enophile78"]
[Result "0-1"]
[WhiteElo "1100"]
[BlackElo "1466"]

1. e4 e5 2. Nf3 Nc6 3. Nc3 d6 4. d3 Nf6 5. Bg5 h6 6. Bh4 g5 7. Bg3 Nh5 8. h4
Nxg3 9. fxg3 f6 10. b3 Bg4 11. h5 Nd4 12. a4 a5 13. b4 axb4 14. Nb5 Nxb5 15.
axb5 Rxa1 16. Qxa1 d5 17. exd5 Qxd5 18. c4 Qd8 19. Qb1 c5 20. d4 exd4 21. Qe4+
Qe7 22. Bd3 Qxe4+ 23. Bxe4 b6 24. Bc6+ Kd8 25. O-O Rh7 26. Ra1 Bd6 27. Ra8+ Bc8
28. g4 Re7 29. g3 Bxg3 30. Kg2 Bf4 31. Nh2 d3 32. Ra2 d2 33. Ra1 b3 34. Rd1 Re1
35. Bf3 Kc7 36. Nf1 Bb7 37. Kf2 Bxf3 38. Kxf3 Rxd1 0-1

[Event "Challenge"]
[Site "http://www.queenalice.com/game.php?id=1167236"]
[Date "2013.4.2"]
[Round "-"]
[White "nbauer"]
[Black "Enophile78"]
[Result "0-1"]
[WhiteElo "1100"]
[BlackElo "1463"]

1. f4 d5 2. Nf3 Nc6 3. c4 e6 4. cxd5 Qxd5 5. e3 Nf6 6. Ng5 g6 7. Nxf7 Kxf7 8. h4
h5 9. Bd3 Qxd3 10. Rh3 b6 11. Nc3 Ba6 12. e4 Qf1# 0-1

[Event "Challenge"]
[Site "http://www.queenalice.com/game.php?id=1167309"]
[Date "2013.4.2"]
[Round "-"]
[White "Severynnas"]
[Black "Enophile78"]
[Result "0-1"]
[WhiteElo "1446"]
[BlackElo "1476"]

1. e4 e5 2. c4 Nf6 3. Nc3 c6 4. f3 d5 5. cxd5 cxd5 6. Nh3 d4 7. Nb5 d3 8. b3 a6
9. Nc3 Bb4 10. Na4 Qd4 11. Rb1 Nfd7 12. Bb2 Qd6 13. Rc1 Nc6 14. Ng5 Ba3 15. Bxa3
Qxa3 16. Bxd3 Qe7 17. h4 Qd6 18. O-O Qxd3 19. Re1 Qd6 20. g3 f6 21. h5 fxg5 22.
d3 b5 23. Nc3 Nb6 24. a4 Nd4 25. axb5 O-O 26. Nd5 Nxf3+ 27. Kf2 Nxe1+ 28. Kxe1
Nxd5 29. exd5 Bh3 30. bxa6 Rf1+ 31. Kd2 Rxd1+ 32. Kxd1 Qxa6 33. b4 Qxd3+ 34. Ke1
Rd8 35. d6 Rxd6 36. Rc5 Qf1# 0-1

[Event "Someday..."]
[Site "http://www.queenalice.com/game.php?id=1167742"]
[Date "2013.4.3"]
[Round "-"]
[White "nbauer"]
[Black "Enophile78"]
[Result "0-1"]
[WhiteElo "1100"]
[BlackElo "1471"]

1. e4 e5 2. f4 exf4 3. Nf3 h6 4. d3 g5 5. h4 d5 6. d4 c6 7. Ne5 Nf6 8. Bd3 Nbd7
9. Nxf7 Kxf7 10. O-O Nb6 11. e5 Ng4 12. Bxf4 gxf4 13. Rxf4+ Ke7 14. Qf3 Qe8 15.
c4 dxc4 16. Be4 Nd5 17. Nc3 Nxf4 18. Qxf4 Kd8 19. Rd1 Bg7 20. a4 Rf8 21. Qd2 Qe7
22. g3 Qf7 23. Bg2 Qf2+ 24. Kh1 Qxg3 25. Kg1 Qh2# 0-1

[Event "Maybe..."]
[Site "http://www.queenalice.com/game.php?id=1167743"]
[Date "2013.4.3"]
[Round "-"]
[White "Enophile78"]
[Black "nbauer"]
[Result "1-0"]
[WhiteElo "1469"]
[BlackElo "1100"]

1. e4 e5 2. Qh5 Nc6 3. Bc4 g6 4. Qf3 f5 5. d3 g5 6. Qxf5 Nf6 7. Bxg5 Nd4 8.
Qxe5+ Ne6 9. Bxf6 Bb4+ 10. c3 Qxf6 11. Qxf6 Be7 12. Qxh8+ Nf8 13. Nf3 d6 14. O-O
Bd7 15. Re1 c5 16. e5 dxe5 17. Nxe5 1-0

[Event "Not Likely..."]
[Site "http://www.queenalice.com/game.php?id=1168022"]
[Date "2013.4.3"]
[Round "-"]
[White "nbauer"]
[Black "Enophile78"]
[Result "0-1"]
[WhiteElo "1098"]
[BlackElo "1473"]

1. e4 e5 2. f4 exf4 3. Nf3 Nc6 4. h4 d5 5. Ng5 g6 6. Qe2 Nf6 7. exd5+ Ne7 8. Qe5
Bg7 9. Bc4 O-O 10. O-O Ng4 11. Qxf4 Nf5 12. Qxg4 Bd4+ 13. Rf2 Qe8 14. d6 Be6 15.
b3 Bxa1 16. h5 Bd4 17. hxg6 fxg6 18. Qh3 Bxf2+ 19. Kxf2 Nxd6+ 20. Qf3 Rxf3+ 21.
gxf3 Nxc4 22. bxc4 Bxc4 23. d3 Bxa2 24. Nc3 Be6 25. Ba3 Qc6 26. Nge4 Rf8 27. d4
Qc4 28. Ke3 Qf1 29. Bxf8 Kxf8 30. Nd2 Qg1+ 31. Ke4 Qe1+ 0-1

[Event "Snowballs chance..."]
[Site "http://www.queenalice.com/game.php?id=1168054"]
[Date "2013.4.4"]
[Round "-"]
[White "Enophile78"]
[Black "nbauer"]
[Result "1-0"]
[WhiteElo "1475"]
[BlackElo "1098"]

1. e4 e6 2. e5 d5 3. d4 Bb4+ 4. c3 Ba5 5. Qa4+ c6 6. h4 Nh6 7. Qd1 Nf5 8. g4 Ne3
9. fxe3 f6 10. Nf3 fxe5 11. Nxe5 O-O 12. Bh3 Qf6 13. Rf1 Qxh4+ 14. Kd2 Qxh3 15.
Rxf8+ Kxf8 16. g5 Nd7 17. Qf3+ Qxf3 18. Nxf3 Nb6 19. Na3 e5 20. Nxe5 Bh3 21. b4
Bxb4 22. cxb4 a5 23. Nc2 axb4 24. Nxb4 c5 25. dxc5 Na4 26. Nbd3 Bf5 27. Ba3 d4
28. c6+ Ke8 29. c7 Rc8 30. Rc1 h5 31. exd4 h4 32. d5 Ra8 33. d6 Ra5 34. d7+ Bxd7
35. Nxd7 Kxd7 36. c8=Q# 1-0

[Event "Never..."]
[Site "http://www.queenalice.com/game.php?id=1168358"]
[Date "2013.4.4"]
[Round "-"]
[White "nbauer"]
[Black "Enophile78"]
[Result "0-1"]
[WhiteElo "1098"]
[BlackElo "1498"]

1. e4 e5 2. f4 exf4 3. Nf3 g5 4. h4 Nf6 5. d3 Nh5 6. Rh3 d5 7. Ne5 Bxh3 8. gxh3
Ng3 9. Qg4 dxe4 10. Nc3 f5 11. Qh5+ Nxh5 12. dxe4 Bc5 13. Nd5 fxe4 14. Bc4 Rf8
15. Bd2 c6 16. Nc3 e3 17. Na4 Qxd2+ 18. Kf1 Qf2# 0-1

[Event "Never 2"]
[Site "http://www.queenalice.com/game.php?id=1168463"]
[Date "2013.4.5"]
[Round "-"]
[White "Enophile78"]
[Black "nbauer"]
[Result "1-0"]
[WhiteElo "1498"]
[BlackElo "1115"]

1. e4 e5 2. Nf3 Nf6 3. d3 d5 4. exd5 Bd6 5. Nc3 c6 6. d4 Nxd5 7. Nxe5 Nxc3 8.
bxc3 Bxe5 9. dxe5 O-O 10. Qxd8 Rxd8 11. Bc4 Re8 12. Bf4 b5 13. Bb3 Na6 14. Rd1
Nc5 15. O-O Ne6 16. Bxe6 fxe6 17. Rd6 c5 18. Rfd1 Bb7 19. R1d3 c4 20. Rg3 Rf8
21. Be3 Rf5 22. Rd7 Be4 23. Rdxg7+ Kf8 24. Bc5+ Ke8 25. Rg8+ Kd7 26. R3g7+ Kc6
27. Rxa8 Kxc5 28. Raxa7 h6 29. Rac7+ Kb6 30. Rc8 Rg5 31. Rb8+ Kc5 32. Rc7+ Kd5
33. f4 Rxg2+ 34. Kf1 Bf3 35. Rxb5+ Ke4 36. a4 Ke3 37. Rb1 Rxh2 38. Re1+ Kxf4 39.
Rxc4+ Kg3 40. Re3 Rf2+ 41. Ke1 Re2+ 42. Rxe2 h5 43. Rf2 Bd5 44. Rcf4 1-0

[Event "Never 3"]
[Site "http://www.queenalice.com/game.php?id=1168476"]
[Date "2013.4.5"]
[Round "-"]
[White "nbauer"]
[Black "Enophile78"]
[Result "1/2-1/2"]
[WhiteElo "1113"]
[BlackElo "1499"]

1. e4 d5 2. Nc3 Nf6 3. d3 e6 4. Nf3 Na6 5. Be3 c5 6. Ne5 g6 7. Be2 h5 8. O-O c4
9. Nb5 Bc5 10. Bg5 Qb6 11. a4 Ng4 12. Bxg4 hxg4 13. Nxg4 Bd7 14. Nf6+ Ke7 15.
Ra3 Rxh2 16. d4 Rah8 17. f3 Bxb5 18. Nxd5+ Kf8 19. Nxb6 axb6 20. axb5 Bd6 21. e5
Bxa3 22. bxa3 Nc7 23. a4 Nd5 24. f4 Ne3 25. Qe2 Rxg2+ 26. Qxg2 Nxg2 27. Kxg2 Kg7
28. Bf6+ Kg8 29. Bd8 f5 30. Bxb6 Kf7 31. c3 Ra8 32. a5 g5 33. fxg5 Kg6 34. d5
exd5 35. Be3 Rxa5 36. Rh1 Rxb5 37. Rh6+ Kg7 38. e6 d4 39. Bxd4+ Kf8 40. Rh8+ Ke7
41. Rh6 f4 42. Kf3 Rxg5 43. Bf6+ Kxe6 44. Bxg5+ Kd5 45. Bxf4 Kc5 46. Rh5+ Kb6
47. Rd5 Ka7 48. Rd4 b6 49. Rxc4 Ka6 50. Ra4+ Kb5 51. Rb4+ Ka5 52. Bc7 Ka6 53.
Bxb6 Kb7 54. c4 Kc6 55. c5 Kd5 56. Rb5 Kc6 57. Ke3 Kd5 58. Ba5 Kc6 59. Bb6 Kd5
60. Kd3 Kc6 61. Kc4 Kb7 62. Kd5 Kc8 63. c6 Kb8 64. c7+ Kc8 65. Kc6 1/2-1/2

[Event "Never 4"]
[Site "http://www.queenalice.com/game.php?id=1169855"]
[Date "2013.4.9"]
[Round "-"]
[White "Enophile78"]
[Black "nbauer"]
[Result "1-0"]
[WhiteElo "1480"]
[BlackElo "1120"]

1. Nf3 Nf6 2. d4 d5 3. Nc3 Nc6 4. e3 e6 5. h3 h6 6. g4 g5 7. Bd3 Bd6 8. h4 Nxg4
9. hxg5 h5 10. Nb5 a6 11. Nxd6+ Qxd6 12. g6 e5 13. Ng5 fxg6 14. Qf3 Rf8 15. Qg2
Rxf2 16. Qg1 Nb4 17. Nh3 Bf5 18. Bxf5 gxf5 19. Nxf2 Nxc2+ 20. Kd1 Nxa1 21. Nxg4
fxg4 22. Rxh5 Qg6 23. Rxe5+ Kd8 24. Rxd5+ Kc8 25. Qh2 c6 26. Rc5 a5 27. Bd2 Nc2
28. Rxc2 Ra6 29. a4 Rb6 30. Bxa5 Ra6 31. Qc7# 1-0

[Event "Still technically Never 5"]
[Site "http://www.queenalice.com/game.php?id=1170320"]
[Date "2013.4.11"]
[Round "-"]
[White "nbauer"]
[Black "Enophile78"]
[Result "0-1"]
[WhiteElo "1118"]
[BlackElo "1482"]

1. e4 e5 2. f4 d6 3. d3 f5 4. Nf3 h6 5. Nc3 c6 6. d4 Nf6 7. Bd3 g6 8. O-O b5 9.
b4 a5 10. bxa5 Qxa5 11. Bd2 b4 12. Ne2 Ba6 13. a3 fxe4 14. axb4 Qb6 15. b5 exd3
16. cxd3 Qxb5 17. Qe1 Qxd3 18. Rf2 Ne4 19. Ra2 Nxf2 20. Qxf2 Qb1+ 21. Qf1 Qxa2
22. fxe5 dxe5 23. dxe5 Bc5+ 24. Ned4 Bxf1 0-1

[Event "Never 6"]
[Site "http://www.queenalice.com/game.php?id=1171137"]
[Date "2013.4.13"]
[Round "-"]
[White "nbauer"]
[Black "Enophile78"]
[Result "0-1"]
[WhiteElo "1118"]
[BlackElo "1483"]

1. e4 e5 2. f4 Nc6 3. Qg4 d6 4. f5 Nd4 5. d3 Nxc2+ 6. Kd1 Nxa1 7. Nf3 h6 8. Qh4
f6 9. Be2 Qd7 10. Rf1 Qa4+ 11. b3 Qxa2 12. Nfd2 Qc2+ 13. Ke1 Qxc1+ 14. Kf2 Qc5+
15. Ke1 Nc2+ 16. Kd1 Ne3+ 17. Ke1 Nxg2+ 18. Kd1 Nxh4 0-1